Atlantic Coast Team Mascots - Statistics

General Stats
  • This quiz has been taken 14 times
  • The average score is 14 of 17
Answer Stats
Team Mascot % Correct
Boston College Eagles
100%
Duke Blue Devils
90%
Stanford Cardinal
90%
Louisville Cardinals
90%
Miami (FL) Hurricanes
90%
Syracuse Orange
90%
Florida State Seminoles
90%
North Carolina Tar Heels
90%
Clemson Tigers
90%
NC State Wolfpack
90%
Virginia Cavaliers
80%
Wake Forest Demon Deacons
80%
SMU Mustangs
80%
California Golden Bears
70%
Virginia Tech Hokies
70%
Pittsburgh Panthers
70%
Georgia Tech Yellow Jackets
60%
No matching quizzes found
Score Distribution
Percent of People with Each Score
Percentile by Number Answered
Your Score History
You have not taken this quiz